000 00719nam a2200193 a 4500
001 000199855
003 AM-YeHGA
005 20250618075807.0
008 030329s1959 ||||||||||||||||||||rus|c
040 _aAM-YeHGA
100 1 _aЗахарин, А.Д.
245 1 0 _aФизика :
_b(Методические указания и учебные материалы) /
_cА.Д. Захарин, Б.Н. Суслов ; Заочн. ин-т сов. торговли.
260 _aМосква :
_bУглетехиздат,
_c1959.
300 _a175 с.
650 1 4 _aФизика
_951
700 1 _aСуслов, Б.Н.
710 2 _aЗаочный институт советской торговли
090 _c501535
999 _c498133
_d498133